00826nam a22002412 4500001001100000005001700011008004100028020001700069040001500086100003100101245011500132250001300247260003000260300001700290650004000307650003100347700003900378852001400417908001100431950000600442999001500448952012100463000001295720151217152118.0090513s xx 000 0 eng d a0205396771 : aKABUcKABU1 aHalbur, Duane.@000016998810aDeveloping your theoretical orientation in counseling and psychotherapy /cDuane Halbur, Kimberly Vess Halbur. a1st ed. aBoston :bPearson,c2006. axii, 104 p. 0aPsychologyxPhilosophy.@0000169989 0aPsychotherapy.@00000821851 aHalbur, Kimberly Vess.@00001699901 9p1395 KES a090513 @1 c8390d8390 00102lcc70aKABUbKABUd2015-12-17l3oBF38 .H35 2006 c. 1p17520r2024-08-02 00:00:00s2023-03-09w2015-12-17yBK